| 000 | 00501nam a2200181Ia 4500 | ||
|---|---|---|---|
| 003 | GCL | ||
| 008 | 140319s9999 xx 000 0 ara d | ||
| 040 |
_aGCL / _cGCL |
||
| 082 | 0 | 4 |
_a157.9 _bب م |
| 100 | 1 | _aبلو نول، شارل | |
| 245 | 1 | 0 |
_aالمدخل الى علم النفس الجماعى / _cبلو نول، شارل |
| 700 | 1 | _aحكمة هاشم | |
| 300 | _a187 ص | ||
| 490 | _a | ||
| 650 | 0 | 4 | _aعلم النفس |
| 650 | 0 | 4 | _aعلم النفس الجماعى |
| 942 |
_2ddc _cBK |
||
| 999 |
_c40465 _d40465 |
||